| 000 | 00604nam a2200217 a 4500 | ||
|---|---|---|---|
| 001 | BRL_1596 | ||
| 005 | 20190320211259.0 | ||
| 008 | 090414s1965----gw-aoe####---#000-0#ger-# | ||
| 041 | _ager | ||
| 044 | _agw | ||
| 050 | 4 |
_aF1219.3.A7 _b.W47 1965 |
|
| 100 | 1 |
_aWestheim, Paul _96016 |
|
| 245 | 1 | 0 |
_aDie kunst Alt-Mexikos _cPaul Westheim. |
| 260 |
_aKöln _bM.DuMont Schauberg _c1965 |
||
| 300 |
_a251 p. _bil., fotografías (blanco y negro), planos _c20 cm. |
||
| 500 | _aAu386 | ||
| 650 | 1 | 4 |
_aArte indígena _zMéxico _9597 |
| 651 | 4 |
_aMéxico _xAntigüedades _92765 |
|
| 902 | _aGRL | ||
| 942 |
_2lcc _cB |
||
| 999 |
_c10405 _d10405 |
||